000 00405nam a2200157Ia 4500
008 240729s9999 xx 000 0 und d
022 _a1755-0068
245 0 _aField
260 _aUnited Kingdom
260 _bSheffield School of Architecture
650 _a Architecture
650 _aFine Arts
856 _uhttps://doaj.org/toc/7b85f8747a6e4dabb39ba5d652180818
942 _2ddc
942 _cDOAJEJ
999 _c68516
_d68516
945 _a1
_bMadushi Gamage
_c1
_dMadushi Gamage